Makroekonomické súvislosti konvergencie ekonomiky Slovenskej republiky ku eurozóne elektronický zborník príspevkov z medzinárodnej vedeckej konferencie
Salvato in:
| Enti autori: | , |
|---|---|
| Altri autori: | , |
| Natura: | Libro |
| Lingua: | slovacco |
| Pubblicazione: |
Bratislava
Katedra ekonomickej teórie NHF EU
2009
|
| Soggetti: | |
| Tags: |
Nessun Tag, puoi essere il primo ad aggiungerne!!
|
MARC
| LEADER | 00000nlm$a2200000$$$4500 | ||
|---|---|---|---|
| 001 | 0107051 | ||
| 005 | 20240502072201.4 | ||
| 020 | |a 978-80-225-2822-1 | ||
| 041 | 0 | |a slo | |
| 044 | |a SK | ||
| 245 | 1 | 0 | |a Makroekonomické súvislosti konvergencie ekonomiky Slovenskej republiky ku eurozóne |b elektronický zborník príspevkov z medzinárodnej vedeckej konferencie |c spracovali: Martin Novák, Marcel Novák |
| 264 | 1 | |a Bratislava |b Katedra ekonomickej teórie NHF EU |c 2009 | |
| 300 | |a CD-ROM | ||
| 610 | 2 | 0 | |a konvergencia |
| 610 | 2 | 0 | |a hospodárstvo národné |
| 610 | 2 | 0 | |a Slovensko |
| 610 | 2 | 0 | |a eurozóna |
| 700 | 1 | |a Novák, Martin, 1980- | |
| 700 | 1 | |a Novák, Marcel, 1979- | |
| 110 | 2 | |a Makroekonomické súvislosti konvergencie ekonomiky Slovenskej republiky ku eurozóne. Medzinárodná vedecká konferencia | |
| 710 | 2 | |a Národohospodárska fakulta EU. Katedra ekonómie | |